Normal view
MARC view
- Library management
Entry Topical Term
001 - CONTROL NUMBER
- control field: 104051
003 - CONTROL NUMBER IDENTIFIER
- control field: NUST
005 - DATE AND TIME OF LATEST TRANSACTION
- control field: 20221202181220.0
008 - FIXED-LENGTH DATA ELEMENTS
- fixed length control field: 221202|| aca||aabn | a|a d
040 ## - CATALOGING SOURCE
- Original cataloging agency: NUST
- Transcribing agency: NUST
150 ## - HEADING--TOPICAL TERM
- Topical term or geographic name entry element: Library management
670 ## - SOURCE DATA FOUND
- Source citation: Work cat.: (NUST)174944: Iyer, V.K. 104050, Management of library information services /, 1998
